03249ngm a22004937a 4500999001900000005001700019008004100036050002800077245010500105246003800210260005200248300004600300500010600346508032000452511016200772520091600934521004501850538001901895546004501914650003101959650002201990650002302012650002302035700002802058700003502086700002802121700003002149700003302179700003802212700004202250700003202292700002602324700002302350700002302373700002602396700002802422700002902450700003002479700003202509700002902541700002502570942001302595952014702608 c137271d13726920171011100959.0171011t1991 |11|| |||| s0| mleng d04aPN1995.9.S26 bA46 199100aEl almuerzo desnudo b: = Naked lunch c/ una película de David Cronenberg.h[Videograbación]31aNaked lunch h[Videograbación] aMéxico, D. F. :bRecord picture companyc1991 a1 DVD ( 110 min)|bson., col.c4 3/4 plg. aAdaptación de la novela del mismo título, original de William S. Burroughs. Cine estadounidense.  aDiseñador de vestuario, Denise Cronenber ; editado por Ronald Sanders ; música por Howard Shore ; diseñador de producción, Carol Spier ; director de fotografía, Peter Suschitzky ; co-productor, Gabriella Martinelli ; producida por David Cronenberg. Jeremy Thomas ; escrita y dirigida por David Cronenberg. aPeter Weller, Judy Davis, Ian Holm, Julian Snads, Monique Mercure, Nicholas Cambell, Michael Zelnniker, Robert A, Silverman, Jospeh Scorsiani y Roy Scheider. aVersión, parcialmente autobiográfica, de la novela de William S. Burroughs, uno de los escritores experimentales más destacados, junto con Jack Kerouac y Allen Ginsberg, quien se dio a conocer a finales de los años 1950. William Lee es un exterminador de insectos que ha dejado atrás las drogas y la mala vida. Pero se encuentra con que su esposa se ha convertido en adicta al polvillo con el que su marido mata a las cucarachas. Una noche, en medio de un juego, William mata accidentalmente a su esposa de un tiro. Consecuentemente el protagonista debe escapar a la Interzona, una versión alucinante de Tánger, un lugar donde las máquinas de escribir son insectos que hablan y donde un escritor amanerado y su esposa son peones en un rompecabezas de espionaje bizarro entre los seres humanos y una raza de ciempiés gigantes que puede llegar a ocurrir solamente en la cabeza del protagonista  aNo recomendada para menores de 18 años aDVD Región 4 ainglés, con subtítulos en español. 4aCine de ciencia ficción  4aCine de suspenso  4aCine fantástico  4aCine de ficción 1 aDavid Cronenberg edir.1 aDenise Cronenber ediseñador1 aRonald Sanders eeditor1 aHoward Shore e música 1 aCarol Spier e fotografía1 aGabriella Martinelli productor1 aGabriella Martinelli eco-productor1 aJeremy Thomas eproductor1 aPeter Weller, eactor1 aJudy Davis,eactor1 a Ian Holm, eactor1 aJulian Snads, eactor1 aMonique Mercure,eactor1 aNicholas Cambell,eactor1 aMichael Zelnniker,eactor1 aRobert A, Silverman,eactor1 aJospeh Scorsiani eactor1 aRoy Scheider.eactor 2lcccPEL 00102lcc4070aLIC-047bLIC-047cMAd2017-10-11eDONhVBFP000254oPN1995.9.S26 A46 1991pVBFP000254r2017-10-11 00:00:00t1w2017-10-11yPEL